000 01341nam a2200325 c 4500
003 BLK
005 20250703125155.0
008 180408b bul|||||r ||||||| ||bul||
010 _aKNG00048118000
040 _aBLK
041 _aBUL
_cBUL
080 _aПолска литература
_b821.162.1
_x-311.6
_z821.162.1-311.6
100 1 _aСенкевич, Хенрик
_eпърви автор
_9250837
700 1 _aЗлатоустова, Екатерина Христова
_eпрев. от пол.
_970126
139 _aСенкевич, Хенрик
_bС 33
245 1 0 _aКръстоносци
_bИст. роман
_cХенрик Сенкевич; прев. от пол. Екатерина Христова Златоустова.
250 _a4. изд.
257 _aPOL
260 София
_bНар. култура
_c1970
_fСофия : ДП Т. Димитров
300 _a772 с.
_c21 см
380 _aX
500 _aОриг. загл. Krzyzacy / Henryk Sienkiewicz. - 1. изд. 1921 на изд. Живот. - 50 100 тир.
653 _aисторически романи
852 _aЦб 55921
856 4 _qpdf
_u
856 4 _qpdf
_u
942 _cKNG
_n0
_06
944 _aCR
_c08.02.2005
_lМинев Младен
_k30530
944 _aED
_c29.07.2017
_lф /
_kЛюдмила_Стоянова
999 _c44353
_d44353